LEADER 00856nam0-2200325---450 001 990008589290403321 005 20180122141948.0 035 $a000858929 035 $aFED01000858929 035 $a(Aleph)000858929FED01 035 $a000858929 100 $a20071127d1980----km-y0itay50------ba 101 0 $aita 102 $aIT 105 $a1-------001yy 200 1 $aBreve storia dell'infinito$fPaolo Zellini 210 $aMilano$cAdelphi$dİ1980 215 $a257 p.$cill.$d22 cm 225 1 $aSaggi Adelphi$v18 676 $a111.6$v20$zita 700 1$aZellini,$bPaolo$055298 801 0$aIT$bUNINA$gRICA$2UNIMARC 901 $aBK 912 $a990008589290403321 952 $aXI F Z 2$b6561$fDFD 952 $a113-G-36$bingr. 30/2017$fMA1 959 $aDFD 959 $aMA1 996 $aBreve storia dell'infinito$9346912 997 $aUNINA LEADER 01330nam 2200361Ia 450 001 996385066003316 005 20221108101719.0 035 $a(CKB)4940000000073426 035 $a(EEBO)2240863306 035 $a(OCoLC)11739165 035 $a(EXLCZ)994940000000073426 100 $a19850226d1695 uy | 101 0 $aeng 135 $aurbn||||a|bb| 200 10$aCardvvs benedictvs, the advantage of affliction, or, The reward of patience$b[electronic resource] $eunfolded in a sermon preached at the funeralls of Mr. Thomas Bowyer, merchant, who died the 8th day of February 1659, and was buried the 22th of the same moneth, in the parish church of St. Olaves Jewry /$fby Nath. Hardy .. 210 $aLondon $cPrinted for Josepph Cranford ...$d1659 215 $a[4], 35 p 300 $aErrata: p.35 300 $aReproduction of original in Cambridge University Library. 330 $aeebo-0021 606 $aFuneral sermons 606 $aTemptation$vSermons 615 0$aFuneral sermons. 615 0$aTemptation 700 $aHardy$b Nathaniel$f1618-1670.$0821523 801 0$bEAA 801 1$bEAA 801 2$bm/c 801 2$bWaOLN 906 $aBOOK 912 $a996385066003316 996 $aCardvvs benedictvs, the advantage of affliction, or, The reward of patience$92394827 997 $aUNISA